<?xml version="1.0" encoding="UTF-8"?><?xml-stylesheet type="text/xsl" href="static/style.xsl"?><OAI-PMH xmlns="http://www.openarchives.org/OAI/2.0/" xmlns:xsi="http://www.w3.org/2001/XMLSchema-instance" xsi:schemaLocation="http://www.openarchives.org/OAI/2.0/ http://www.openarchives.org/OAI/2.0/OAI-PMH.xsd"><responseDate>2026-04-17T05:49:47Z</responseDate><request verb="GetRecord" identifier="oai:www.recercat.cat:2445/193564" metadataPrefix="marc">https://recercat.cat/oai/request</request><GetRecord><record><header><identifier>oai:recercat.cat:2445/193564</identifier><datestamp>2025-12-04T22:45:54Z</datestamp><setSpec>com_2072_1057</setSpec><setSpec>col_2072_478825</setSpec><setSpec>col_2072_478917</setSpec></header><metadata><record xmlns="http://www.loc.gov/MARC21/slim" xmlns:dcterms="http://purl.org/dc/terms/" xmlns:xsi="http://www.w3.org/2001/XMLSchema-instance" xmlns:doc="http://www.lyncode.com/xoai" xsi:schemaLocation="http://www.loc.gov/MARC21/slim http://www.loc.gov/standards/marcxml/schema/MARC21slim.xsd">
   <leader>00925njm 22002777a 4500</leader>
   <datafield ind2=" " ind1=" " tag="042">
      <subfield code="a">dc</subfield>
   </datafield>
   <datafield ind2=" " ind1=" " tag="720">
      <subfield code="a">Ovejero, Diana</subfield>
      <subfield code="e">author</subfield>
   </datafield>
   <datafield ind2=" " ind1=" " tag="720">
      <subfield code="a">Garcia-Giralt, Natalia</subfield>
      <subfield code="e">author</subfield>
   </datafield>
   <datafield ind2=" " ind1=" " tag="720">
      <subfield code="a">Rabionet Janssen, Raquel</subfield>
      <subfield code="e">author</subfield>
   </datafield>
   <datafield ind2=" " ind1=" " tag="720">
      <subfield code="a">Balcells Comas, Susana</subfield>
      <subfield code="e">author</subfield>
   </datafield>
   <datafield ind2=" " ind1=" " tag="720">
      <subfield code="a">Grinberg Vaisman, Daniel Raúl</subfield>
      <subfield code="e">author</subfield>
   </datafield>
   <datafield ind2=" " ind1=" " tag="720">
      <subfield code="a">Pérez-Jurado, Luis Alberto</subfield>
      <subfield code="e">author</subfield>
   </datafield>
   <datafield ind2=" " ind1=" " tag="720">
      <subfield code="a">Nogués, Xavier</subfield>
      <subfield code="e">author</subfield>
   </datafield>
   <datafield ind2=" " ind1=" " tag="720">
      <subfield code="a">Etxebarria Foronda, Iñigo</subfield>
      <subfield code="e">author</subfield>
   </datafield>
   <datafield ind2=" " ind1=" " tag="260">
      <subfield code="c">2023-02-14T09:17:31Z</subfield>
   </datafield>
   <datafield ind2=" " ind1=" " tag="260">
      <subfield code="c">2023-05-26T05:10:25Z</subfield>
   </datafield>
   <datafield ind2=" " ind1=" " tag="260">
      <subfield code="c">2022</subfield>
   </datafield>
   <datafield ind2=" " ind1=" " tag="260">
      <subfield code="c">2023-02-14T09:17:31Z</subfield>
   </datafield>
   <datafield ind2=" " ind1=" " tag="520">
      <subfield code="a">High bone mass (HBM) disorders are a clinically and genetically heterogeneous subgroup of rare skeletal dysplasias. Here we present a case of a previously unreported familial skeletal dysplasia characterized by HBM and lucent bone lesions that we aimed to clinically characterize and genetically investigate. For phenotyping, we reviewed past clinical records and imaging tests, and performed physical examination (PE), bone densitometry, and mineral panels in affected individuals, including a male proband, his son and daughter, in addition to unaffected controls, including the proband's wife and brother. Affected individuals also underwent impact microindentation (IMI). In an effort to elucidate the disorder's molecular etiology, whole exome sequencing (WES) was performed in all individuals to filter for rare variants present only in affected ones. The cases displayed a unique skeletal phenotype with a mix of sclerotic features and lucent bone lesions, and high IMI values. Bone mineral density was very elevated in the proband and his daughter. The proband's daughter also exhibited idiopathic scoliosis (IS), in addition to mild thrombocytopenia and mild structural thyroid abnormalities, which were the only extra-skeletal abnormalities identified. WES analysis yielded 5 rare putative pathogenic variants in affected members in genes that are associated with bone metabolism including: SEM4AD, TBX18, PTCH1, PTK7, and ADGRE5. The PTK7 variant appeared as possibly implicated in the development of IS while the TBX18 and SEMA4D variants stood out as the strongest candidates for the lucent bone lesions and HBM, respectively, given their high predicted pathogenicity and putative role in bone biology. Variant functionality should be addressed in the future to assess their implication in skeletal metabolism as it is the first time that mutations in TBX18 and SEMA4D have been associated to bone developmental lesions and mineral metabolism in a clinical setting.</subfield>
   </datafield>
   <datafield tag="653" ind2=" " ind1=" ">
      <subfield code="a">Genètica</subfield>
   </datafield>
   <datafield tag="653" ind2=" " ind1=" ">
      <subfield code="a">Malalties dels ossos</subfield>
   </datafield>
   <datafield tag="653" ind2=" " ind1=" ">
      <subfield code="a">Displàsia fibrosa òssia</subfield>
   </datafield>
   <datafield tag="653" ind2=" " ind1=" ">
      <subfield code="a">Densitometria òssia</subfield>
   </datafield>
   <datafield tag="653" ind2=" " ind1=" ">
      <subfield code="a">Genetics</subfield>
   </datafield>
   <datafield tag="653" ind2=" " ind1=" ">
      <subfield code="a">Bone diseases</subfield>
   </datafield>
   <datafield tag="653" ind2=" " ind1=" ">
      <subfield code="a">Fibrous dysplasia of bone</subfield>
   </datafield>
   <datafield tag="653" ind2=" " ind1=" ">
      <subfield code="a">Bone densitometry</subfield>
   </datafield>
   <datafield ind2="0" ind1="0" tag="245">
      <subfield code="a">Clinical description and genetic analysis of a novel familial skeletal dysplasia characterized by high bone mass and lucent bone lesions</subfield>
   </datafield>
</record></metadata></record></GetRecord></OAI-PMH>